• 首页
  • 本馆介绍
  • 公告通知
  • 最新文献
  • 馆藏检索
  • 电子资源
  • 读者导购
  • 参考咨询
  • 我的图书馆
  • 登录
  • 详细信息显示
  • 放入我的书架
  • 预约/预借图书
  • 作者相关作品
  • 分类相关作品
  • 丛书相关作品
  • 出版社相关作品

书目信息

  • 表格格式
  • 工作单格式
  • 卡片格式
题名:
医学免疫学
    
 
作者: 陈慰峰 主编
分册:  
出版信息: 北京   人民卫生出版社  2002.02
页数: 305页
开本: 16开
丛书名: 面向21世课程教材
单 册:
中图分类: R392-43
科图分类:
主题词: 医药学:免疫学
电子资源:
ISBN: 7-117-03894-2
000 00720nam0 2200241 45
001 0210261529
005 20021026152232.1
010    @a7-117-03894-2@d24.80元
100    @a20021026d2002 km y0chiy0120 ea
101 0  @achi
105    @a z 000yy
200 1  @a医学免疫学@AYi Xue Mian Yi Xue@f陈慰峰主编@FChen Wei Feng Zhu Bian
205    @a3版
210    @a北京@c人民卫生出版社@d2002.02
215    @a305页@d16开
225    @a面向21世课程教材
300    @a全国高等医药院校教材(供基础、预防、临床、口腔医学类专业用)
410    @12001 @a面向21世课程教材
606 0  @a医药学:免疫学
690    @aR392-43@v3
701  0 @a陈慰峰@4主编
801    @aCN@bPftUser@c20021026
905    @aBZT@b342526-535@dR392-43@e1@f10
    
    医学免疫学/陈慰峰主编.-3版.-北京:人民卫生出版社,2002.02
    305页;16开.-(面向21世课程教材)
    全国高等医药院校教材(供基础、预防、临床、口腔医学类专业用)
    
    ISBN 7-117-03894-2:24.80元
    
●
相关链接 在五车中查询图书 在当当中查询图书 在豆瓣中查询图书


正题名:医学免疫学     索取号:R392-43/1         预约/预借

序号 登录号 条形码 馆藏地/架位号 状态 备注
1 342526   201395123   中心书库中库/ 中库006架B面4列5层52/ [索取号:R392-43/1] 在馆    
2 342527   201395132   中心书库中库/ 中库006架B面4列5层50/ [索取号:R392-43/1] 在馆    
3 342528   201395114   中心书库中库/ 中库006架B面4列5层53/ [索取号:R392-43/1] 在馆    
4 342529   201395105   中心书库中库/ 中库006架B面4列5层51/ [索取号:R392-43/1] 在馆    
5 342530   201395098   中心书库中库/ 中库006架B面4列5层54/ [索取号:R392-43/1] 在馆    
6 342531   201395150   中心书库中库/ 中库006架B面4列5层57/ [索取号:R392-43/1] 在馆    
7 342532   201395141   中心书库中库/ 中库006架B面4列5层55/ [索取号:R392-43/1] 在馆    
8 342534   201395178   中心书库中库/ 中库006架B面4列5层49/ [索取号:R392-43/1] 在馆    
9 342535   201395267   中心书库中库/ 中库006架B面4列5层56/ [索取号:R392-43/1] 在馆    
山东省滨州职业学院图书馆 欢迎您!
大连网信软件有限公司© 版权所有